| 000 | 00492nam a22001817a 4500 | ||
|---|---|---|---|
| 003 | NUST - PNEC | ||
| 005 | 20170116180752.0 | ||
| 008 | 150312b xxu||||| |||| 00| 0 eng d | ||
| 020 | _a8188353183 | ||
| 040 | _cLIBRARY | ||
| 082 | _a363.32 CHA | ||
| 100 |
_91785 _aP. R. Chari and Arpit Rajain |
||
| 245 |
_aBiological Weapons _cP. R. Chari and Arpit Rajain |
||
| 260 |
_aIndia _bNew Delhi _cC 2003 |
||
| 300 | _a165 . : | ||
| 650 |
_91786 _aBiological Weapons _xHistroy |
||
| 942 |
_2ddc _cBK |
||
| 999 |
_c62599 _d62599 |
||